000 00318nam a2200133Ia 4500
005 20251222155130.0
008 251222s9999||||xx |||||||||||||| ||spa||
082 _aREL.38
100 _aGRANADOS Brigida.
245 0 _aLa expresión homana en el grupo
250 _a1ra. ed.
264 _bHospitalaria
942 _cLIB
999 _c38770
_d38770